[Event "Ruhrgebiet VL2 0708"]
[Site "Germany"]
[Date "2008.04.27"]
[Round "9.8"]
[White "Jahns, Uwe"]
[Black "Heiming, Thomas"]
[Result "1/2-1/2"]
[WhiteElo "1610"]
[BlackElo "1880"]
[PlyCount "85"]
[EventDate "2007.09.02"]
[EventType "team"]
[EventRounds "9"]
[EventCountry "GER"]
[SourceTitle "EXT 2009"]
[Source "ChessBase"]
[SourceDate "2008.11.26"]
[SourceVersion "1"]
[SourceVersionDate "2008.11.26"]
[SourceQuality "1"]
[WhiteTeam "Altenessen "]
[BlackTeam "Hervest Dorsten"]
[WhiteTeamCountry "GER"]
[BlackTeamCountry "GER"]

1. d4 Nf6 2. c4 e6 3. Nc3 Bb4 4. Qc2 d5 5. Bg5 h6 6. Bxf6 Qxf6 7. e3 0-0 8. Nf3 b6 9. Be2 c5 10. 0-0 dxc4 11. Ne4 Qe7 12. h3 cxd4 13. Nxd4 Bc5 14. Nxc5 Qxc5 15. Bf3 e5 16. b4 Qe7 17. Bxa8 exd4 18. exd4 b5 19. Rfe1 Qf6 20. Rad1 Nd7 21. Be4 Nb6 22. d5 Rd8 23. Bf3 Bd7 24. a3 Nc8 25. Re3 Nd6 26. Qe2 Nf5 27. Re5 Nh4 28. Bg4 Ng6 29. Re3 Bxg4 30. hxg4 Kh7 31. Rf3 Qa6 32. g5 Rd7 33. gxh6 gxh6 34. Qe8 Qb7 35. d6 Kg7 36. Re1 a6 37. Re7 Rxe7 38. dxe7 Qxe7 39. Qc6 Qe1+ 40. Kh2 Qe5+ 41. Kg1 Qe1+ 42. Kh2 Qe5+ 43. Kg1 1/2-1/2